LEADER 02600nam 22006495 450 001 9910162853303321 005 20240313111751.0 010 $a9781137584526 010 $a1137584521 024 7 $a10.1057/978-1-137-58452-6 035 $a(CKB)3710000001033182 035 $a(DE-He213)978-1-137-58452-6 035 $a(MiAaPQ)EBC4790236 035 $a(Perlego)3506831 035 $a(EXLCZ)993710000001033182 100 $a20170121d2017 u| 0 101 0 $aeng 135 $aurnn#008mamaa 181 $ctxt$2rdacontent 182 $cc$2rdamedia 183 $acr$2rdacarrier 200 10$aUniversities, Employability and Human Development /$fby Melanie Walker, Samuel Fongwa 205 $a1st ed. 2017. 210 1$aLondon :$cPalgrave Macmillan UK :$cImprint: Palgrave Macmillan,$d2017. 215 $a1 online resource (XIII, 248 p. 8 illus., 3 illus. in color.) 311 08$a9781137584519 311 08$a1137584513 320 $aIncludes bibliographical references at the end of each chapters and index. 327 $aChapter 1. Contextual and Policy Conditions -- Chapter 2. Graduate Employability, Global Shifts and Local Realities -- Chapter 3. A Human Capabilities Conceptualisation of Employability -- Chapter 4. Employability and Conversion Factors -- Chapter 5. Access and Participation -- Chapter 6. Democratic Citizenship -- Chapter 7. Employers and Graduate Opportunities -- Chapter 8. Aspirations, Capabilities and Navigating Future-Forward -- Chapter 9. Human Development, Capabilities and Graduate Employability.-. 330 $a . 606 $aEducation, Higher 606 $aEducational sociology 606 $aCareer education 606 $aLife skills 606 $aEducation and state 606 $aHigher Education 606 $aSociology of Education 606 $aCareer Skills 606 $aLife Skills 606 $aEducational Policy and Politics 615 0$aEducation, Higher. 615 0$aEducational sociology. 615 0$aCareer education. 615 0$aLife skills. 615 0$aEducation and state. 615 14$aHigher Education. 615 24$aSociology of Education. 615 24$aCareer Skills. 615 24$aLife Skills. 615 24$aEducational Policy and Politics. 676 $a378 700 $aWalker$b Melanie$4aut$4http://id.loc.gov/vocabulary/relators/aut$0847708 702 $aFongwa$b Samuel$4aut$4http://id.loc.gov/vocabulary/relators/aut 906 $aBOOK 912 $a9910162853303321 996 $aUniversities, Employability and Human Development$92504315 997 $aUNINA